• 首页
  • 本馆介绍
  • 公告通知
  • 最新文献
  • 馆藏检索
  • 电子资源
  • 读者导购
  • 参考咨询
  • 我的图书馆
  • 登录
  • 详细信息显示
  • 放入我的书架
  • 预约/预借图书
  • 作者相关作品
  • 分类相关作品
  • 丛书相关作品
  • 出版社相关作品

书目信息

  • 表格格式
  • 工作单格式
  • 卡片格式
题名:
让数学变得好玩
    
 
作者: 陈燕云 主编
分册:  
出版信息: 北京   中国轻工业出版社  2020.08
页数: 303页
开本: 24cm
丛书名:
单 册:
中图分类: G623.503
科图分类:
主题词: 小学数学课--教学参考资料 , 小学数学课
电子资源:
ISBN: 978-7-5019-9981-1
000 00906nam0 2200253 450
001 0108153908
005 20210308154402.0
010    @a978-7-5019-9981-1@dCNY45.00
100    @a20150310d2020 em y0chiy50 ea
101 0  @achi
102    @aCN@b110000
105    @aa z 000yy
106    @ar
200 1  @a让数学变得好玩@Arang shu xue bian de hao wan@e小学一二年级数学课堂游戏88例@f陈燕云主编
210    @a北京@c中国轻工业出版社@d2020.08
215    @a303页@c图@d24cm
330    @a本书分为操作指导篇、加减篇、乘除篇、益智篇。内容包括:呼唤游戏、数学游戏的基本类型和游戏用具、数学游戏的开展与要求等。
517 1  @a小学一二年级数学课堂游戏88例@Axiao xue yi er nian ji shu xue ke tang you xi 88 li
606 0  @a小学数学课@j教学参考资料
606 0  @a小学数学课
690    @aG623.503@v5
701  0 @a陈燕云@Achen yan yun@4主编
801  0 @aCN@bBJSZM@c20210308
905    @b1272125-8@dG623.503@e1326@f4
    
    让数学变得好玩:小学一二年级数学课堂游戏88例/陈燕云主编.-北京:中国轻工业出版社,2020.08
    303页:图;24cm
    
    
    ISBN 978-7-5019-9981-1:CNY45.00
    本书分为操作指导篇、加减篇、乘除篇、益智篇。内容包括:呼唤游戏、数学游戏的基本类型和游戏用具、数学游戏的开展与要求等。
●
相关链接 在E读中查询图书 在五车中查询图书 在当当中查询图书 在豆瓣中查询图书


正题名:让数学变得好玩     索取号:G623.503/1326         预约/预借

序号 登录号 条形码 馆藏地/架位号 状态 备注
1 1272125   212721250   第一样本阅览室/ [索取号:G623.503/1326] 在馆    
2 1272126   212721269   教育系资料室/ [索取号:G623.503/1326] 在馆    
3 1272127   212721278   教育系资料室/ [索取号:G623.503/1326] 在馆    
4 1272128   212721287   第四借阅区/ [索取号:G623.503/1326] 在馆    
唐山师范学院图书馆 欢迎您!
大连网信软件有限公司© 版权所有